000 00539cam a2200217ua 4500
020 _c325
041 _aeng
_h
082 _a005.133
_bPRE/NU
100 _aPress, William H. .
245 _aNumerical recipes in C /
_cWilliam H. Press.
_hTextual Documents
250 _a2 /
_b.
260 _aCambridge :
_bCambridge University Press ,
_c1993.
300 _a ; .
365 _a325
500 _a18863, 18864, 18865, CSS
504 _a
942 _cBK
999 _c3114
_d3114